Microeconómia y conducta / (Registro nro. 5467)
[ vista simple ]
| 000 -LEADER | |
|---|---|
| fixed length control field | 01272nam a2200289Ia 4500 |
| 003 - CONTROL NUMBER IDENTIFIER | |
| control field | OSt |
| 005 - DATE AND TIME OF LATEST TRANSACTION | |
| control field | 20200605112804.0 |
| 008 - FIXED-LENGTH DATA ELEMENTS--GENERAL INFORMATION | |
| fixed length control field | 191128s1971 sp ad gr 000 0dspa d |
| 020 ## - INTERNATIONAL STANDARD BOOK NUMBER | |
| International Standard Book Number | 8476158408 |
| 040 ## - CATALOGING SOURCE | |
| Original cataloging agency | CO-JMCR |
| Transcribing agency | CO-JMCR |
| 041 0# - LANGUAGE CODE | |
| Language code of text/sound track or separate title | spa |
| Language code of original | eng |
| 082 04 - DEWEY DECIMAL CLASSIFICATION NUMBER | |
| Classification number | 330.1 / |
| Item number | F814m |
| Edition number | 23 |
| 100 1# - MAIN ENTRY--PERSONAL NAME | |
| Personal name | Frank, Robert H., |
| Relator term | autor |
| 9 (RLIN) | 4983 |
| 245 10 - TITLE STATEMENT | |
| Title | Microeconómia y conducta / |
| Statement of responsibility, etc. | Robert H. Frank ; traducción Luis Toharia, Esther Rabasco ; revisión técnica Jose Luis Martin Simon |
| 260 ## - PUBLICATION, DISTRIBUTION, ETC. | |
| Place of publication, distribution, etc. | Madrid : |
| Name of publisher, distributor, etc. | McGraw-Hill, |
| Date of publication, distribution, etc. | 1991 |
| 300 ## - PHYSICAL DESCRIPTION | |
| Extent | xxvi, 796 páginas : |
| Other physical details | gráficos a blanco y negro, 1 fotografía ; |
| Dimensions | 23 cm. |
| 500 ## - GENERAL NOTE | |
| General note | Incluye datos biográficos del autor en la página v. |
| 505 ## - FORMATTED CONTENTS NOTE | |
| Formatted contents note | Pensar como un economista -- La teoría de la conducta del consumidor – La teoría de la empresa y la estructura del mercado – Los mercados de factores – El equilibrio general y el bienestar |
| 534 ## - ORIGINAL VERSION NOTE | |
| Introductory phrase | Microeconomics and behavior |
| 546 ## - LANGUAGE NOTE | |
| Language note | Traducido del inglés |
| 650 14 - SUBJECT ADDED ENTRY--TOPICAL TERM | |
| Topical term or geographic name entry element | Microeconomía Conducta |
| General subdivision | Economía |
| 9 (RLIN) | 4984 |
| 650 24 - SUBJECT ADDED ENTRY--TOPICAL TERM | |
| Topical term or geographic name entry element | Psicología del consumidor |
| General subdivision | Enseñanza |
| 9 (RLIN) | 4985 |
| 700 1# - ADDED ENTRY--PERSONAL NAME | |
| Personal name | Toharia, Luis, |
| Relator term | traductor |
| 9 (RLIN) | 4738 |
| 700 1# - ADDED ENTRY--PERSONAL NAME | |
| Personal name | Rabasco, Esther, |
| Relator term | traductor |
| 9 (RLIN) | 4986 |
| 700 1# - ADDED ENTRY--PERSONAL NAME | |
| Personal name | Martin Simon, Jose Luis, |
| Relator term | revisor |
| 9 (RLIN) | 4987 |
| 942 ## - ADDED ENTRY ELEMENTS (KOHA) | |
| Source of classification or shelving scheme | Dewey Decimal Classification |
| Koha item type | Books |
| Withdrawn status | Lost status | Source of classification or shelving scheme | Materials specified (bound volume or other part) | Damaged status | Not for loan | Home library | Current library | Shelving location | Date acquired | Source of acquisition | Cost, normal purchase price | Total Checkouts | Full call number | Barcode | Date last seen | Copy number | Price effective from | Koha item type |
|---|---|---|---|---|---|---|---|---|---|---|---|---|---|---|---|---|---|---|
| Dewey Decimal Classification | Donación--15/04/2018-- | Biblioteca Pública José María del Castillo y Rada | Biblioteca Pública José María del Castillo y Rada | General Stacks | 11/28/2019 | Donación | 0.00 | 330.1 / F814m | 430002006 | 05/16/2024 | Ej.1 | 11/28/2019 | Books |